Generazioni dei Pokémon - Quiz n°2 - Statistics

Statistiche generali
  • Questo quiz è stato fatto 3 volte
  • Il punteggio medio è 8 su 15
Statistiche sulle risposte
Hint Risposta % Corretto
Snorlax Prima
100%
Oshawott Quinta
100%
Samurott Quinta
100%
Rufflet Quinta
67%
Reuniclus Quinta
67%
Amaura Sesta
67%
Swablu Terza
67%
Huntail Terza
67%
Lombre Terza
67%
Garganacl Nona
33%
Piloswine Seconda
33%
Aromatisse Sesta
33%
Avalugg Sesta
33%
Marshadow Settima
0%
Chimecho Terza
0%
Nessun quiz corrispondente trovato
Distribuzione punteggi
Percentuale di utenti per punteggio
Percentile per numero di risposta
I tuoi punteggi nel tempo
Non hai fatto questo quiz